| 000 | 00695nam a22001577a 4500 | ||
|---|---|---|---|
| 008 | 150410b xxu||||| |||| 00| 0 eng d | ||
| 020 | _a9789930944394 | ||
| 082 |
_a707 _bCh 512j |
||
| 100 |
_aChavarria Zamora, Maria Jose _92379 |
||
| 245 |
_aJuegos y ritos: _b Adolfo Siliezar _cChavarria Zamora, Maria Jose |
||
| 260 |
_aSan Jose, Costa Rica _bMuseo de Arte y DiseƱo Contemporaneo MADC _c2013 |
||
| 300 |
_a40 p. _bill. (col) _c18 cm |
||
| 505 |
_tEntre juegos y ritos _rMaria Jose Chavarria _tEl valor de la materia _rIleana Alvarado _tActividades educativas _rAntonieta Sibaja Hidalgo |
||
| 650 |
_xArte-catalogos _xGalerias privadas _xArte-Costa Rica _92380 |
||
| 700 |
_aMaria Jose Chavarria Zamora _92381 |
||
| 999 |
_c510 _d510 |
||